Statistics for Countries that start with M, R, T, and S

Click here to take the quiz!

General Stats

  • This quiz has been taken 46 times
  • The average score is 36 of 58

Answer Stats

HintAnswer% Correct
SSouth Sudan
84%
SSudan
84%
RRwanda
81%
SSouth Korea
81%
SSlovakia
78%
SSlovenia
78%
SSweden
78%
MMali
76%
MMauritania
76%
SSouth Africa
76%
TTurkey
76%
TTurkmenistan
76%
MMaldives
73%
MMongolia
73%
RRussia
73%
MMadagascar
70%
MMalawi
70%
SSpain
70%
SSwitzerland
70%
TThailand
70%
MMexico
68%
MMorocco
68%
RRomania
68%
SSyria
68%
MMoldova
65%
MMontenegro
65%
MMonaco
62%
SSerbia
62%
SSolomon Islands
62%
SSomalia
62%
SSt Kitts and Nevis
62%
SSt Lucia
62%
TTajikistan
62%
TTogo
62%
SSan Marino
59%
SSenegal
59%
SSeychelles
59%
SSingapore
59%
TTanzania
59%
TTrinidad And Tobago
59%
TTunisia
59%
M
Malaysia
57%
M
Malta
57%
SSt Vincent and the Grenadines
57%
TTaiwan
57%
TTonga
57%
MMarshall Islands
54%
SSuriname
54%
TTuvalu
54%
SSamoa
51%
SSao Tome and Principe
51%
SSaudi Arabia
51%
SSri Lanka
49%
MMozambique
46%
SSierra Leone
35%
RRepublic Of The Congo
30%
MMicronesia
19%
MMauritus
14%

Score Distribution

Percentile by Number Answered

Percent of People with Each Score

Your Score History

You have not taken this quiz